000 00275nam a22001337a 4500
008 170519b xxu||||| |||| 00| 0 eng d
020 _a02262347388
041 _aeng
080 _a94
100 _a16
101 _aSHH
245 _a94 SHAK
_c002-285318
942 _2udc
_cBK
999 _c13539
_d13539